=LDR 00000nam 2200000 4500 =001 INLIS000000001052504 =005 20240905023736 =035 ##$$a 0010-0924000043 =007 ta =008 240905################a##########j###### =020 ##$$a 978-89-6329-617-3 =082 ##$$a 028.55 =084 ##$$a 028.55 LEE l =100 #$$a Lee Hyeon =245 1#$$a Larva muljara yang mencurigakan /$c Lee Hyeon =260 ##$$a Gyeonggi-do :$b Korea Tolstoi =300 ##$$a 31 hlm. : $b ilus. ; $c 26 cm =650 #4$$a Bacaan kanak-kanak =990 ##$$a 18981898